000 00356nam a2200145Ia 4500
008 191201s2005 xx 000 0 und d
082 _a429
_bHOG
100 _aHORNBY, A S
245 0 _aGuide to Patterns and Usage in English
250 _a2nd
260 _aN.Delhi
_bOxford Universty Press
_c2005
300 _a238
650 _aApplied
942 _2ddc
_cBK
999 _c1910
_d1910